000 01687nam0a2200385 4500
001 RU\NLR\BIBL_A\011446870
005 20260406105754.0
010 _a9785927323326
_9500
021 _aRU
_b2017-48529
_93481
035 _a(RuMoRGB)008928623
035 _a(NLR Aleph) 011446870
090 _a11732160
_c11732160
100 _a20170801d2016 km y0rusy50 ba
101 0 _aeng
_arus
_drus
_erus
102 _aRU
105 _ay j 000zy
200 1 _aLaw of the European Union
_e[a textbook for master students
_fAbdullin A. I., Akimenko Y. Y., Antsupova T. O. et al.
_ged. P. Biriukov and V. Tuliakov]
210 _aVoronezh
_cVSU publ. house
_d2016
215 _a474 с.
_d24
300 _aАвт. указаны на с. 3
300 _aРез. на рус. яз.
320 _aБиблиогр. в конце гл.
541 1 _aПраво Европейского Союза
606 1 _aПраво
_yСтраны Европейского Союза
_92173565
_3RU\NLR\AUTH\661307354
686 1 _aХ915.232.5
701 1 _7ba
_8rus
_aAbdullin
_bA. I.
_cд-р юрид. наук
_gAdel' Il'sijarovič
_9178330
_3RU\NLR\AUTH\770178381
701 1 _7ba
_8rus
_aAkimenko
_bJu. Ju.
_cканд. юрид. наук
_gJulija Jur'evna
_9178331
_3RU\NLR\AUTH\770178382
701 1 _7ba
_8rus
_aAncupova
_bT. A.
_cд-р юрид. наук
_gTat'jana Aleksandrovna
_9178340
_3RU\NLR\AUTH\770178391
702 1 _4340
_7ba
_8rus
_aBirjukov
_bP. N.
_cд-р юрид. наук
_f1966-
_gPavel Nikolaevič
_9178341
_3RU\NLR\AUTH\770178392
711 0 2 _8eng
_aEuropean union
_7ba
_3RU\NLR\AUTH\884705
_9280951
942 _cBOOK
980 _aNBR